Online
Catalog

Saber ambiental : (Record no. 12663)

MARC details
000 -CABECERA
campo de control de longitud fija 01100cam a2200301 a 4500
001 - NÚMERO DE CONTROL
campo de control 000013016
005 - FECHA Y HORA DE LA ÚLTIMA TRANSACCIÓN
campo de control 20240521134623.0
008 - DATOS DE LONGITUD FIJA--INFORMACIÓN GENERAL
campo de control de longitud fija 030331s2002 mx b i001 0 spa d
020 ## - NÚMERO INTERNACIONAL ESTÁNDAR DEL LIBRO
Número Internacional Estándar del Libro 9682324025
040 ## - FUENTE DE LA CATALOGACIÓN
Centro catalogador/agencia de origen DO-SdBNP
Lengua de catalogación spa
Centro/agencia transcriptor UBP
Centro/agencia modificador NDD
-- BNPHU
082 ## - NÚMERO DE LA CLASIFICACIÓN DECIMAL DEWEY
Número de clasificación 333.716
Número de documento/Ítem L488s, 2002
049 ## - FONDOS LOCALES (OCLC)
Fondos de biblioteca BNGR
100 1# - ENTRADA PRINCIPAL--NOMBRE DE PERSONA
Nombre de persona Leff, Enrique.
9 (RLIN) 30026
245 10 - MENCIÓN DE TÍTULO
Título Saber ambiental :
Resto del título sustentabilidad, racionalidad, conplejidad, poder /
Mención de responsabilidad, etc. Enrique Leff.
246 33 - FORMA VARIANTE DE TÍTULO
Título propio/Titulo breve Sustentabilidad, racionalidad, complejidad, poder
250 ## - MENCIÓN DE EDICIÓN
Mención de edición 3a ed. corregida y aumentada
260 ## - PUBLICACIÓN, DISTRIBUCIÓN, ETC.
Lugar de publicación, distribución, etc. México :
Nombre del editor, distribuidor, etc. PNUMA :
-- Siglo Veintiuno,
Fecha de publicación, distribución, etc. 2002.
300 ## - DESCRIPCIÓN FÍSICA
Extensión 414 p. ;
Dimensiones 21 cm.
490 1# - MENCIÓN DE SERIE
Mención de serie Ambiente y democracia
504 ## - NOTA DE BIBLIOGRAFÍA, ETC.
Nota de bibliografía, etc. Incluye referencias bibliográficas (p. 401-414).
650 #4 - PUNTO DE ACCESO ADICIONAL DE MATERIA--TÉRMINO DE MATERIA
Término de materia o nombre geográfico como elemento de entrada Ecología
Subdivisión general Aspectos económicos
9 (RLIN) 30027
650 #4 - PUNTO DE ACCESO ADICIONAL DE MATERIA--TÉRMINO DE MATERIA
Término de materia o nombre geográfico como elemento de entrada Desarrollo sostenible
9 (RLIN) 901
650 #0 - PUNTO DE ACCESO ADICIONAL DE MATERIA--TÉRMINO DE MATERIA
Término de materia o nombre geográfico como elemento de entrada Política ambiental
9 (RLIN) 7280
650 #4 - PUNTO DE ACCESO ADICIONAL DE MATERIA--TÉRMINO DE MATERIA
Término de materia o nombre geográfico como elemento de entrada Desarrollo económico
Subdivisión general Aspectos ambientales
9 (RLIN) 30028
710 2# - PUNTO DE ACCESO ADICIONAL--NOMBRE DE ENTIDAD CORPORATIVA
Nombre de entidad corporativa o nombre de jurisdicción como elemento de entrada Naciones Unidas para el Medio Ambiente
9 (RLIN) 30029
830 #0 - PUNTO DE ACCESO ADICIONAL DE SERIE-TÍTULO UNIFORME
Título uniforme Ambiente y democracia.
9 (RLIN) 30030
910 ## - DATOS DE OPCIÓN DEL USUARIO (OCLC)
Datos de opción del usuario Catalogación por copia / LC

No items available.

Powered by Koha